| 000 | 00463nam a2200157 4500 | ||
|---|---|---|---|
| 001 | 137723 | ||
| 003 | ES-MaACL | ||
| 005 | 20230906195429.0 | ||
| 007 | t| | ||
| 008 | 070214s1958 sp r ||||1| spa d | ||
| 100 | 1 |
_aSalgado Gómez, Emilio. _9101901 |
|
| 245 | 1 | 0 |
_aCirugía de la miopía / _cE. Salgado Gómez. |
| 260 |
_aBarcelona : _b[s. n.], _c1958 ( _fGráf. Bobes) |
||
| 300 |
_a323 p., 11 lám. : _bil. ; _c25 cm. |
||
| 852 |
_aES-MaACL _jC-14582 _bR.42691 |
||
| 999 |
_c137723 _d137723 |
||